| 000 | 00729nam a22002297a 4500 | ||
|---|---|---|---|
| 003 | OSt | ||
| 005 | 20240530073925.0 | ||
| 008 | 100322s2020 dr a 000 0 spa d | ||
| 020 | _a9789945904734 | ||
| 040 |
_aDO-SdBNP _bspa _cBNPHU |
||
| 082 | 4 |
_aRD863.44 _bT554p |
|
| 100 | 1 |
_aTiburcio Gómez, Esteban _937920 _d1978- |
|
| 245 | 1 | 3 |
_aEl planeta de los besos / _cEsteban Tiburcio Gómez |
| 260 |
_aSanto Domingo : _bCotoy, _c2020. |
||
| 300 |
_a87 p. : _c23 cm. |
||
| 500 | _aIncluye datos biográficos del autor en las solapas | ||
| 590 | _aInventariado, 2021/ YL | ||
| 650 | 0 |
_aNovela dominicana _9223 |
|
| 650 | 4 |
_aLiteratura dominicana _978487 |
|
| 910 | _aYLOCKWARD/Validado. Control de calidad /MFF | ||
| 942 |
_2ddc _cLBS1 |
||
| 999 |
_c49596 _d49596 |
||